00768nam a2200193 i 4500001000700000003000900007005001700016007000300033008004100036100002600077245016400103260003300267300002200300700002900322700005000351852003200401999001900433952012200452129952ES-MaACL20240430133607.0t|070712s1967 sp ||||1| spa d1 aTerts, Abram.910980910aLubimor / cAbraham Tertz [seud.] ; estudio preliminar de D. Porzio ; con un apendice sobre el caso Siniavski-Daniel ; [traducción M. Vázquez Montalbán]. aBarcelona : bLumen, c1967. a248 p. ; c19 cm.1 aPorzio, Domenico.9933130 aVázquez Montalbán, Manuel,d1939-9113463 aES-MaACLjC-32508 bR.62566 c129952d129952 00104070aATENEOMbATENEOMcDEPO2d2008-01-17eSCl0oC-32508p1135314r2023-02-23 00:00:00w2023-02-23yMONOGRAFIA